| 000 | 00964nam a2200253Ia 4500 | ||
|---|---|---|---|
| 003 | OSt | ||
| 005 | 20220923211202.0 | ||
| 006 | a|||||r|||| 00| 0 | ||
| 007 | ta | ||
| 008 | 220922b |||||||| |||| 00| 0 pan d | ||
| 020 |
_a8188887404 (hbk) _c160 |
||
| 024 | _a333,153 | ||
| 037 |
_bSP/5382, 17/03/2018, Star Publications (Pvt.) Ltd. _cTextual |
||
| 040 |
_aARTS _cARTS _bpan |
||
| 041 |
_2pan _apan |
||
| 082 | _aV2:51y7NO7, 153Q7 | ||
| 100 |
_aਬੀਰ, ਸੁਹਿੰਦਰ, ਂਚ. _9159282 |
||
| 245 | 0 |
_aਇਨਕਲਾਬ ਦਾ ਬਾਨੀ _b Fਹੀਦ ਭਗਤ ਸਿੰਘ |
|
| 260 |
_aਅੰਮ੍ਰਿਤਸਰ _b ਕਸਤੂਰੀ ਲਾਲ ਐ੍ਵਡ ਸੰਨਗ਼ _c2016 |
||
| 300 |
_a182ਪ0 _ccm. |
||
| 650 |
_aਭਗਤ ਸਿੰਘ _9159283 |
||
| 942 |
_hV2:51y7NO7, 153Q7 _cTEXL _2CC |
||
| 999 |
_c296490 _d296490 |
||